Plane quiz - Statistics

General Stats
  • This quiz has been taken 9 times
  • The average score is 7 of 12
Answer Stats
Picture Answer % Correct
747
100%
A380
89%
Concorde
78%
767
67%
777
67%
707
56%
A318
56%
A330
56%
A220
44%
Atr-72
33%
Cessna 172
33%
Dash-8 300
11%
No matching quizzes found
Score Distribution
Percent of People with Each Score
Percentile by Number Answered
Your Score History
You have not taken this quiz